000 00289nam a22001217a 4500
008 170815b xxu||||| |||| 00| 0 eng d
041 _aeng
080 _a51
100 _a36
101 _aMAT
245 _aMATHE,ATICAL STATISTICCS WITH APPLICATION
_cMENDENHALL.SCH
942 _2udc
_cBK
999 _c23577
_d23577